000
00319nam a22001337a 4500
008
170613b xxu||||| |||| 00| 0 eng d
020
_a
9780072505764
041
_a
eng
080
_2
9 ED
_a
94(4)
100
_a
19
101
_a
SHH
245
_a
GLOBAL SRUDIES RRUSIA THE EURASIAN
_c
GOLDMAN.M.F
942
_2
udc
_c
BK
999
_c
17238
_d
17238